Countries with “And” in their Name - Statistics

General Stats
  • This quiz has been taken 43 times
  • The average score is 5 of 6
Answer Stats
Answer % Correct
Trinidad and Tobago
90%
Antigua and Barbuda
85%
Saint Kitts and Nevis
85%
Saint Vincent and the Grenadines
80%
Bosnia and Herzegovina
68%
São Tomé and Príncipe
65%
No matching quizzes found
Score Distribution
Percent of People with Each Score
Percentile by Number Answered
Your Score History
You have not taken this quiz